Corporate finance : a valuation approach

Bibliographic Details
Main Author: Benninga, Simon Z.
Other Authors: Sarig, Oded H.
Format: Book
Published: New York : McGrow-Hill , 1997
Subjects:

MARC

LEADER 00000cam a2200000 7i4500
001 0000002765
005 20050509.0
020 |a 0070050996 
040 |a INS 
090 0 0 |a HG4028.V3   |b B76 1997 
100 1 |a Benninga, Simon Z. 
245 1 0 |a Corporate finance :   |b a valuation approach   |c Simon Z. Benninga 
260 |a New York :   |b McGrow-Hill ,   |c 1997 
300 |a 445p. 
650 0 0 |a Corporations   |x finance 
650 0 0 |a Corporations   |x valuation 
700 1 |a Sarig, Oded H. 
999 |a 0000007183   |b BOOK   |c Open Shelf   |e Default branch